Presentation Open Access
Brettfeld, Katrin; Richter, Thomas; Wetzels, Peter
<?xml version='1.0' encoding='UTF-8'?>
<record xmlns="http://www.loc.gov/MARC21/slim">
<leader>00000nam##2200000uu#4500</leader>
<datafield tag="024" ind1=" " ind2=" ">
<subfield code="a">10.25592/uhhfdm.17373</subfield>
<subfield code="2">doi</subfield>
</datafield>
<datafield tag="980" ind1=" " ind2=" ">
<subfield code="a">presentation</subfield>
</datafield>
<datafield tag="520" ind1=" " ind2=" ">
<subfield code="a"><p>This paper investigates how global conflicts and crises influence public attitudes toward democracy in Germany, particularly fears related to war, climate change, and migration.</p>
<p>As part of the study &quot;People in Germany: International&quot;, online surveys are conducted every two to three months. Our data tracks how perceptions of societal challenges and associated concerns shape attitudes toward democracy over time.</p>
<p>A new measurement is used to gauge acceptance of autocracy, defined by the rejection of democratic norms like open debate and parliamentary oversight, and support for more authoritarian leadership.</p>
<p>Results indicate that about 30% of the German population exhibits some level of autocracy acceptance, with variations across political affiliations&mdash;from 14.8% among Green Party voters to 50.1% among AfD (a far right party) supporters.</p>
<p>Acceptance of autocracy is not confined to right-wing or lower-educated groups but spans various social demographics.</p>
<p>Concerns over access to necessities&mdash;housing, energy, work, and food&mdash;aggravated by fears of war, climate change, or migration, increase the likelihood of supporting autocracy.</p>
<p>Those who view political leaders as incompetent are even more inclined toward authoritarian preferences.</p>
<p>Finally, we present results from vignette experiments which are used to assess whether experimentally manipulated perceptions of military conflicts, such as the Russian war in Ukraine or the Israeli-Palestinian conflict, have a causal effect on autocracy acceptance among respondents.</p></subfield>
</datafield>
<datafield tag="100" ind1=" " ind2=" ">
<subfield code="a">Brettfeld, Katrin</subfield>
<subfield code="u">Universität Hamburg</subfield>
</datafield>
<datafield tag="245" ind1=" " ind2=" ">
<subfield code="a">The Influence of Global Crises on Acceptance of Autocracy in Germany. Paper presented at the 82nd Annual Conference of the Midwest Political Science Association, Chicago (IL), April 3rd, 2025.</subfield>
</datafield>
<datafield tag="041" ind1=" " ind2=" ">
<subfield code="a">eng</subfield>
</datafield>
<datafield tag="980" ind1=" " ind2=" ">
<subfield code="a">user-uhh</subfield>
</datafield>
<datafield tag="653" ind1=" " ind2=" ">
<subfield code="a">Autocracy</subfield>
</datafield>
<datafield tag="653" ind1=" " ind2=" ">
<subfield code="a">Crisis</subfield>
</datafield>
<datafield tag="653" ind1=" " ind2=" ">
<subfield code="a">Survey</subfield>
</datafield>
<datafield tag="653" ind1=" " ind2=" ">
<subfield code="a">Attitudes towards democracy</subfield>
</datafield>
<datafield tag="653" ind1=" " ind2=" ">
<subfield code="a">Survey</subfield>
</datafield>
<datafield tag="653" ind1=" " ind2=" ">
<subfield code="a">MOTRA</subfield>
</datafield>
<datafield tag="653" ind1=" " ind2=" ">
<subfield code="a">MiDInt</subfield>
</datafield>
<datafield tag="909" ind1="C" ind2="O">
<subfield code="o">oai:fdr.uni-hamburg.de:17373</subfield>
<subfield code="p">user-uhh</subfield>
</datafield>
<controlfield tag="005">20250407065825.0</controlfield>
<datafield tag="540" ind1=" " ind2=" ">
<subfield code="u">https://creativecommons.org/licenses/by/4.0/legalcode</subfield>
<subfield code="a">Creative Commons Attribution 4.0 International</subfield>
</datafield>
<datafield tag="542" ind1=" " ind2=" ">
<subfield code="l">open</subfield>
</datafield>
<controlfield tag="001">17373</controlfield>
<datafield tag="260" ind1=" " ind2=" ">
<subfield code="c">2025-04-06</subfield>
</datafield>
<datafield tag="773" ind1=" " ind2=" ">
<subfield code="a">10.25592/uhhfdm.17372</subfield>
<subfield code="i">isVersionOf</subfield>
<subfield code="n">doi</subfield>
</datafield>
<datafield tag="856" ind1="4" ind2=" ">
<subfield code="s">967663</subfield>
<subfield code="u">https://www.fdr.uni-hamburg.de/record/17373/files/Brettfeld Richter Wetzels Global Crisis and Acceptance of autocracy MPSA 2025 April 3.pdf</subfield>
<subfield code="z">md5:840471ed0db83099387fe24c7d5bec66</subfield>
</datafield>
<datafield tag="650" ind1="1" ind2="7">
<subfield code="a">cc-by</subfield>
<subfield code="2">opendefinition.org</subfield>
</datafield>
<datafield tag="700" ind1=" " ind2=" ">
<subfield code="a">Richter, Thomas</subfield>
<subfield code="u">GIGA Hamburg</subfield>
</datafield>
<datafield tag="700" ind1=" " ind2=" ">
<subfield code="a">Wetzels, Peter</subfield>
<subfield code="u">Universität Hamburg</subfield>
</datafield>
</record>